00933nam a2200241 a 450000100100000000500170001000800410002704000250006808200200009310000350011324500670014826000370021530000200025250500830027259000260035565000280038165000310040965000410044065000380048191000370051995201180055699900170067400003153320240412074255.0110627s1995 dr 001 p spa d aDO-SdBNPbspacBNPHU aRD861.44bP438t1 aPérez de Soba, Arturo91095810aTres tiempos y una sola verdad /cArturo Pérez de Soba, S.J. aSanto Domingo :b[s. n.],c1995. a83 p. ;c22 cm.0 t¿Quién es ese hombre? --tSer todo en todos --tUn Cristo siempre presente. aInventariado, 2018/LP 0aPoesía dominicana966 0aLiteratura dominicana.967 4aPoesía religiosa dominicana924595 4aReligión en la literatura91109 aValidado. Control de calidad EMS 0010718PDaPDbPDcHDd2011-06-27iLF1l0oRD861.44 P438tp31533-10r2020-06-25w2020-06-25yLFPDZNo se presta c31025d31025